<?xml version="1.0" encoding="UTF-8"?>
<collection xmlns="http://www.loc.gov/MARC21/slim">
 <record>
  <leader>04532cam a2200793   4500</leader>
  <controlfield tag="001">1618482475</controlfield>
  <controlfield tag="003">DE-627</controlfield>
  <controlfield tag="005">20230115192145.0</controlfield>
  <controlfield tag="007">tu</controlfield>
  <controlfield tag="008">110927s2012    xxu|||||      00| ||eng c</controlfield>
  <datafield tag="010" ind1=" " ind2=" ">
   <subfield code="a">  2011038297</subfield>
  </datafield>
  <datafield tag="020" ind1=" " ind2=" ">
   <subfield code="a">0262517639</subfield>
   <subfield code="c">pbk. : ca. GBP 9.95</subfield>
   <subfield code="9">0-262-51763-9</subfield>
  </datafield>
  <datafield tag="020" ind1=" " ind2=" ">
   <subfield code="a">9780262517638</subfield>
   <subfield code="c"> : pbk. : ca. GBP 9.95</subfield>
   <subfield code="9">978-0-262-51763-8</subfield>
  </datafield>
  <datafield tag="035" ind1=" " ind2=" ">
   <subfield code="a">(DE-627)1618482475</subfield>
  </datafield>
  <datafield tag="035" ind1=" " ind2=" ">
   <subfield code="a">(DE-576)370397088</subfield>
  </datafield>
  <datafield tag="035" ind1=" " ind2=" ">
   <subfield code="a">(DE-599)BSZ370397088</subfield>
  </datafield>
  <datafield tag="035" ind1=" " ind2=" ">
   <subfield code="a">(OCoLC)808665987</subfield>
  </datafield>
  <datafield tag="035" ind1=" " ind2=" ">
   <subfield code="a">(OCoLC)808665987</subfield>
  </datafield>
  <datafield tag="040" ind1=" " ind2=" ">
   <subfield code="a">DE-627</subfield>
   <subfield code="b">ger</subfield>
   <subfield code="c">DE-627</subfield>
   <subfield code="e">rda</subfield>
  </datafield>
  <datafield tag="041" ind1=" " ind2=" ">
   <subfield code="a">eng</subfield>
  </datafield>
  <datafield tag="044" ind1=" " ind2=" ">
   <subfield code="c">XD-US</subfield>
   <subfield code="c">XA-GB</subfield>
  </datafield>
  <datafield tag="050" ind1=" " ind2="0">
   <subfield code="a">Z286.O63</subfield>
  </datafield>
  <datafield tag="082" ind1="0" ind2=" ">
   <subfield code="a">070.5/7973</subfield>
   <subfield code="q">LOC</subfield>
   <subfield code="2">23</subfield>
  </datafield>
  <datafield tag="082" ind1="0" ind2=" ">
   <subfield code="a">070.57973</subfield>
   <subfield code="q">OCLC</subfield>
  </datafield>
  <datafield tag="084" ind1=" " ind2=" ">
   <subfield code="a">24,1</subfield>
   <subfield code="2">ssgn</subfield>
  </datafield>
  <datafield tag="084" ind1=" " ind2=" ">
   <subfield code="a">AK 28400</subfield>
   <subfield code="q">OBV</subfield>
   <subfield code="2">rvk</subfield>
   <subfield code="0">(DE-625)rvk/2590:</subfield>
  </datafield>
  <datafield tag="084" ind1=" " ind2=" ">
   <subfield code="a">AL 33900</subfield>
   <subfield code="q">OBV</subfield>
   <subfield code="2">rvk</subfield>
   <subfield code="0">(DE-625)rvk/2949:</subfield>
  </datafield>
  <datafield tag="084" ind1=" " ind2=" ">
   <subfield code="a">AN 96300</subfield>
   <subfield code="q">OBV</subfield>
   <subfield code="2">rvk</subfield>
   <subfield code="0">(DE-625)rvk/6812:</subfield>
  </datafield>
  <datafield tag="084" ind1=" " ind2=" ">
   <subfield code="a">AK 28000</subfield>
   <subfield code="q">BVB</subfield>
   <subfield code="2">rvk</subfield>
   <subfield code="0">(DE-625)rvk/2587:</subfield>
  </datafield>
  <datafield tag="084" ind1=" " ind2=" ">
   <subfield code="a">AN 77300</subfield>
   <subfield code="q">BSZ</subfield>
   <subfield code="2">rvk</subfield>
   <subfield code="0">(DE-625)rvk/6312:</subfield>
  </datafield>
  <datafield tag="084" ind1=" " ind2=" ">
   <subfield code="a">FINJ010</subfield>
   <subfield code="2">bicssc</subfield>
  </datafield>
  <datafield tag="084" ind1=" " ind2=" ">
   <subfield code="a">06.35</subfield>
   <subfield code="2">bkl</subfield>
  </datafield>
  <datafield tag="084" ind1=" " ind2=" ">
   <subfield code="a">05.38</subfield>
   <subfield code="2">bkl</subfield>
  </datafield>
  <datafield tag="100" ind1="1" ind2=" ">
   <subfield code="a">Suber, Peter</subfield>
   <subfield code="d">1951-</subfield>
   <subfield code="e">VerfasserIn</subfield>
   <subfield code="0">(DE-588)1037860012</subfield>
   <subfield code="0">(DE-627)756363772</subfield>
   <subfield code="0">(DE-576)391900218</subfield>
   <subfield code="4">aut</subfield>
  </datafield>
  <datafield tag="245" ind1="1" ind2="0">
   <subfield code="a">Open access</subfield>
   <subfield code="c">Peter Suber</subfield>
  </datafield>
  <datafield tag="264" ind1=" " ind2="1">
   <subfield code="a">Cambridge, Mass.</subfield>
   <subfield code="a">London, England</subfield>
   <subfield code="b">MIT Press</subfield>
   <subfield code="c">[2012]</subfield>
  </datafield>
  <datafield tag="264" ind1=" " ind2="4">
   <subfield code="c"> 2012</subfield>
  </datafield>
  <datafield tag="300" ind1=" " ind2=" ">
   <subfield code="a">xii, 242 Seiten</subfield>
  </datafield>
  <datafield tag="336" ind1=" " ind2=" ">
   <subfield code="a">Text</subfield>
   <subfield code="b">txt</subfield>
   <subfield code="2">rdacontent</subfield>
  </datafield>
  <datafield tag="337" ind1=" " ind2=" ">
   <subfield code="a">ohne Hilfsmittel zu benutzen</subfield>
   <subfield code="b">n</subfield>
   <subfield code="2">rdamedia</subfield>
  </datafield>
  <datafield tag="338" ind1=" " ind2=" ">
   <subfield code="a">Band</subfield>
   <subfield code="b">nc</subfield>
   <subfield code="2">rdacarrier</subfield>
  </datafield>
  <datafield tag="490" ind1="0" ind2=" ">
   <subfield code="a">MIT Press essential knowledge series</subfield>
  </datafield>
  <datafield tag="500" ind1=" " ind2=" ">
   <subfield code="a">Literaturverzeichnis: Seiten 177-221</subfield>
  </datafield>
  <datafield tag="505" ind1="8" ind2="0">
   <subfield code="a">What is open access? -- Motivation -- Varieties -- Policies -- Scope -- Copyright -- Economics -- Casualties -- Future -- Self-help.</subfield>
  </datafield>
  <datafield tag="650" ind1=" " ind2="0">
   <subfield code="a">Open access publishing</subfield>
  </datafield>
  <datafield tag="689" ind1="0" ind2="0">
   <subfield code="d">s</subfield>
   <subfield code="0">(DE-588)7525775-0</subfield>
   <subfield code="0">(DE-627)510880649</subfield>
   <subfield code="0">(DE-576)253462711</subfield>
   <subfield code="a">Open Access</subfield>
   <subfield code="2">gnd</subfield>
  </datafield>
  <datafield tag="689" ind1="0" ind2=" ">
   <subfield code="5">(DE-627)</subfield>
  </datafield>
  <datafield tag="689" ind1="1" ind2="0">
   <subfield code="d">s</subfield>
   <subfield code="0">(DE-588)7525775-0</subfield>
   <subfield code="0">(DE-627)510880649</subfield>
   <subfield code="0">(DE-576)253462711</subfield>
   <subfield code="a">Open Access</subfield>
   <subfield code="2">gnd</subfield>
  </datafield>
  <datafield tag="689" ind1="1" ind2=" ">
   <subfield code="5">(DE-627)</subfield>
  </datafield>
  <datafield tag="776" ind1="0" ind2="8">
   <subfield code="i">Online-Ausg.</subfield>
   <subfield code="a">Suber, Peter, 1951 - </subfield>
   <subfield code="t">Open access</subfield>
   <subfield code="d">Cambridge, Mass : MIT Press, 2012</subfield>
   <subfield code="h">Online-Ressource (xii, 242 p.)</subfield>
   <subfield code="w">(DE-627)1652937102</subfield>
   <subfield code="w">(DE-576)391494767</subfield>
   <subfield code="z">9780262517638</subfield>
  </datafield>
  <datafield tag="776" ind1="0" ind2="8">
   <subfield code="i">Erscheint auch als</subfield>
   <subfield code="n">Online-Ausgabe</subfield>
   <subfield code="a">Suber, Peter, 1951 - </subfield>
   <subfield code="t">MIT Press Essential Knowledge</subfield>
   <subfield code="d">Cambridge : MIT Press, 2012</subfield>
   <subfield code="h">1 online resource (255 pages)</subfield>
   <subfield code="w">(DE-627)1658051475</subfield>
   <subfield code="w">(DE-576)515369209</subfield>
   <subfield code="z">9780262301732</subfield>
  </datafield>
  <datafield tag="787" ind1="0" ind2="8">
   <subfield code="i">Rezensiert in</subfield>
   <subfield code="a">Kohle, Hubertus, 1959 - </subfield>
   <subfield code="t">[Rezension von: Peter Suber, Open Access]</subfield>
   <subfield code="d">2014</subfield>
   <subfield code="w">(DE-627)1798054620</subfield>
  </datafield>
  <datafield tag="856" ind1="4" ind2="2">
   <subfield code="u">http://www.gbv.de/dms/weimar/toc/668966653_toc.pdf</subfield>
   <subfield code="m">V:DE-601</subfield>
   <subfield code="m">B:DE-Wim2</subfield>
   <subfield code="x">Verlag</subfield>
   <subfield code="y">Inhaltsverzeichnis</subfield>
   <subfield code="3">Inhaltsverzeichnis</subfield>
  </datafield>
  <datafield tag="856" ind1="4" ind2="2">
   <subfield code="u">https://swbplus.bsz-bw.de/bsz370397088rez.htm</subfield>
   <subfield code="m">B:DE-576;DE-16</subfield>
   <subfield code="q">application/pdf</subfield>
   <subfield code="v">20140516095802</subfield>
   <subfield code="x">Verlag</subfield>
   <subfield code="3">Rezension</subfield>
  </datafield>
  <datafield tag="856" ind1="4" ind2="2">
   <subfield code="u">http://www.sehepunkte.de/2014/05/25277.html</subfield>
   <subfield code="m">V:DE-576;X:Sehepunkte</subfield>
   <subfield code="q">text/html</subfield>
   <subfield code="v">20180417093837</subfield>
   <subfield code="3">Rezension</subfield>
  </datafield>
  <datafield tag="889" ind1=" " ind2=" ">
   <subfield code="w">(DE-627)668966653</subfield>
  </datafield>
  <datafield tag="935" ind1=" " ind2=" ">
   <subfield code="i">mdedup</subfield>
  </datafield>
  <datafield tag="936" ind1="r" ind2="v">
   <subfield code="a">AK 28400</subfield>
   <subfield code="b">Informationen, Kontakte, Austausch, Technologietransfer</subfield>
   <subfield code="k">Wissenschaftskunde und Wissenschaftsorganisation</subfield>
   <subfield code="k">Wissenschaftspraxis</subfield>
   <subfield code="k">Informationen, Kontakte, Austausch, Technologietransfer</subfield>
   <subfield code="0">(DE-627)1270657097</subfield>
   <subfield code="0">(DE-625)rvk/2590:</subfield>
   <subfield code="0">(DE-576)200657097</subfield>
  </datafield>
  <datafield tag="936" ind1="r" ind2="v">
   <subfield code="a">AL 33900</subfield>
   <subfield code="b">Forschungskontakte, Technologietransfer (national und international)</subfield>
   <subfield code="k">Hochschul- und Universitätswesen</subfield>
   <subfield code="k">Hochschulforschung</subfield>
   <subfield code="k">Forschungskontakte, Technologietransfer (national und international)</subfield>
   <subfield code="0">(DE-627)1270659790</subfield>
   <subfield code="0">(DE-625)rvk/2949:</subfield>
   <subfield code="0">(DE-576)200659790</subfield>
  </datafield>
  <datafield tag="936" ind1="r" ind2="v">
   <subfield code="a">AN 96300</subfield>
   <subfield code="b">Wissensverbreitung, Informationsfluss</subfield>
   <subfield code="k">Buch- und Bibliothekswesen, Informationswissenschaft</subfield>
   <subfield code="k">Informationswissenschaft</subfield>
   <subfield code="k">Informationsvermittlung, Informationsplanung</subfield>
   <subfield code="k">Wissensverbreitung, Informationsfluss</subfield>
   <subfield code="0">(DE-627)1270683691</subfield>
   <subfield code="0">(DE-625)rvk/6812:</subfield>
   <subfield code="0">(DE-576)200683691</subfield>
  </datafield>
  <datafield tag="936" ind1="r" ind2="v">
   <subfield code="a">AK 28000</subfield>
   <subfield code="b">Allgemeines</subfield>
   <subfield code="k">Wissenschaftskunde und Wissenschaftsorganisation</subfield>
   <subfield code="k">Wissenschaftspraxis</subfield>
   <subfield code="k">Allgemeines</subfield>
   <subfield code="0">(DE-627)1270657062</subfield>
   <subfield code="0">(DE-625)rvk/2587:</subfield>
   <subfield code="0">(DE-576)200657062</subfield>
  </datafield>
  <datafield tag="936" ind1="r" ind2="v">
   <subfield code="a">AN 77300</subfield>
   <subfield code="b">Elektronische Medien</subfield>
   <subfield code="k">Buch- und Bibliothekswesen, Informationswissenschaft</subfield>
   <subfield code="k">Bibliothekswesen</subfield>
   <subfield code="k">Bibliotheksbenutzung</subfield>
   <subfield code="k">Elektronische Medien</subfield>
   <subfield code="0">(DE-627)1408868261</subfield>
   <subfield code="0">(DE-625)rvk/6312:</subfield>
   <subfield code="0">(DE-576)338868267</subfield>
  </datafield>
  <datafield tag="936" ind1="b" ind2="k">
   <subfield code="a">06.35</subfield>
   <subfield code="j">Informationsmanagement</subfield>
   <subfield code="0">(DE-627)181569647</subfield>
  </datafield>
  <datafield tag="936" ind1="b" ind2="k">
   <subfield code="a">05.38</subfield>
   <subfield code="j">Neue elektronische Medien</subfield>
   <subfield code="x">Kommunikationswissenschaft</subfield>
   <subfield code="0">(DE-627)106419579</subfield>
  </datafield>
  <datafield tag="951" ind1=" " ind2=" ">
   <subfield code="a">BO</subfield>
  </datafield>
  <datafield tag="990" ind1=" " ind2=" ">
   <subfield code="a">Open Access</subfield>
  </datafield>
  <datafield tag="990" ind1=" " ind2=" ">
   <subfield code="a">Open Access</subfield>
  </datafield>
  <datafield tag="991" ind1=" " ind2=" ">
   <subfield code="a">Rezensiertes Werk</subfield>
  </datafield>
  <datafield tag="999" ind1=" " ind2=" ">
   <subfield code="a">KXP-PPN1618482475</subfield>
   <subfield code="e">4179814633</subfield>
  </datafield>
 </record>
</collection>
